| 000 | 02288 a2200169 4500 | ||
|---|---|---|---|
| 001 | 123757 | ||
| 020 | _a9788532526090 | ||
| 040 | _cEscola Canadense de Niteroi | ||
| 090 | _aTOR | ||
| 100 | _aDel Toro, Guillermo | ||
| 245 | 1 | 0 | _aA Queda |
| 260 | _aRio de Janeiro | ||
| 362 | 0 | _a2010 | |
| 490 | 0 | _aTrilogia da Escuridão | |
| 520 | _aGuillermo del Toro, diretor do aclamado O labirinto do fauno, e Chuck Hogan, apontado por Stephen King como um dos dez melhores escritores de suspense da atualidade, estão de volta com A queda – segundo volume da surpreendente e aterradora trilogia iniciada com Noturno. Depois que um devastador ataque de vampiros tomou de assalto a cidade de Nova York, a pandemia se espalha rapidamente pelo globo. Um pequeno grupo de heróis luta para salvar a raça humana da extinção. Horror, suspense e fantasia carregada em tintas noir dão o ritmo eletrizante deste épico, descrito como o 'encontro de Bram Stoker com Stephen King e Michael Crichton'. Nadando contra a corrente do gênero atual, no qual os vampiros são mostrados com inclinações românticas ou como heróis de almas atormentadas, Guillermo del Toro e Chuck Hogan os apresentam como monstros desagradáveis, parasitas com um apetite insaciável por sangue humano. Desta vez, a praga que começou no aeroporto de Nova York continua a se espalhar pelo mundo. Há relatos de vírus nas principais cidades do mundo: Londres, Pequim, Tóquio, Lisboa. A queda mostra um pouco mais da linhagem que gerou o vírus, e a guerra de poder travada entre os Velhos e os Novos vampiros. No centro do conflito, encontra-se um livro com textos fundadores da história da raça e seus segredos mais obscuros. Quem encontrá-lo ganha a guerra e, em última instância, dita o destino da humanidade. Em meio a duas forças devastadoras, encontra-se o homem, reduzido a mero alimento numa guerra diabólica. Desta vez, o Dr. Ephraim Goodweather, seu filho Zack, a Dr. Nora Martinez, o velho Abraham Setrakian e Vasiliy Fet recebem o apoio improvável de Gus Elizade e sua gangue de caça-vampiros. Juntos, este estranho grupo tem que enfrentar o terror que se alastra. Eles são obrigados a tomar decisões difíceis, quando encontram rostos conhecidos dominados pelo vírus. | ||
| 942 | _cBK | ||
| 999 |
_c123757 _d123757 |
||